000 00764nam a2200229 i 4500
001 130244
003 ES-MaACL
005 20230906193701.0
007 t|
008 070724s1954 sp ||||1| spa d
080 _a86.0(899)-311:2"19"
100 1 _aZabala Muñiz, Justino.
_9117790
245 1 0 _aCrónica de la reja /
_cJustino Zabala Muñiz ; nota preliminar de Julio Caporale Scelta ; con una carta prólogo de Miguel de Unamuno.
260 _aMadrid :
_bAguilar,
_c1954 (
_fNebrija)
300 _a347 p. ;
_c20 cm.
490 1 _aColección literaria
700 1 _aUnamuno, Miguel de,
_d1864-1936
_9111982
700 1 _aCaporale Scelta, Julio.
_934880
830 1 _aColección literaria
_9179831
852 _aES-MaACL
_jC-9147
999 _c130244
_d130244